| Поле | Инд. | ПП | Название | Значение |
|---|---|---|---|---|
| Тип записи | a | |||
| Библиографический уровень | m | |||
| 001 | Контрольный номер | RU/LIBMSTU/337943452 | ||
| 005 | Дата корректировки | 20140224091101.8 | ||
| 008 | Кодируемые данные | 100920|||||||||ru |||||||||||000|||rus|| | ||
| 020 | a | ISBN | 978-5-86185-496-2 | |
| c | Цена, тираж | 125-59 | ||
| 040 | b | Код языка каталог. | rus | |
| 041 | a | Код языка текста | rus | |
| 084 | a | Индекс другой классификации/Индекс ББК | 74.484+87.63+87.22 | |
| 090 | a | Полочн. индекс | 74.48 | |
| x | Авторский знак | М 20 | ||
| 100 | 1_ | a | Автор | Малышко А. А. |
| 110 | 2_ | a | Организация/ юрисдикция | Мурманский государственный технический университет |
| 245 | 10 | a | Заглавие | Виртуальная реальность и образование |
| c | Ответственность | Федер. агентство по рыболовству, ФГОУ ВПО "Мурман. гос. техн. ун-т" | ||
| 260 | a | Место издания | Мурманск | |
| b | Издательство | Изд-во МГТУ | ||
| c | Дата издания | 2010 | ||
| 300 | a | Объем | 102 с. | |
| 500 | a | Примечание | Имеется электрон. аналог 2010 г. | |
| 504 | a | Библиография | Библиогр.: с. 91-102 | |
| 650 | a | Основная рубрика | Виртуальная реальность-Философские проблемы | |
| 650 | 14 | a | Основная рубрика | Дистанционное образование |
| 653 | a | Ключевые слова | Виртуальная реальность | |
| a | Ключевые слова | Гносеологические проблемы | ||
| a | Ключевые слова | Методы обучения | ||
| a | Ключевые слова | Образование дистанционное | ||
| a | Ключевые слова | Онтологические проблемы | ||
| a | Ключевые слова | Познание | ||
| a | Ключевые слова | Сознание | ||
| 901 | t | Тип документа | m |